[Event "BEL-chT 1617"]
[Site "Belgium"]
[Date "2016.11.27"]
[Round "4.7"]
[White "Verlinde, Tieme"]
[Black "Braun, Christian1111"]
[Result "1-0"]
[WhiteElo "2202"]
[BlackElo "2376"]
[PlyCount "182"]
[EventDate "2016.10.02"]
[EventType "team-tourn"]
[EventRounds "11"]
[EventCountry "BEL"]
[SourceTitle "CBM 175 Extra"]
[Source "ChessBase"]
[SourceDate "2016.12.12"]
[SourceVersion "1"]
[SourceVersionDate "2016.12.12"]
[SourceQuality "1"]
[WhiteTeam "KBSK Brugge"]
[BlackTeam "Amay"]
[WhiteTeamCountry "BEL"]
[BlackTeamCountry "BEL"]

1. e4 e6 2. d3 d5 3. Nd2 Nf6 4. Ngf3 b6 5. c3 Be7 6. Qa4+ Qd7 7. Qc2 c5 8. e5 Ng8 9. Be2 Nc6 10. Nf1 Bb7 11. Bf4 h6 12. h4 0-0-0 13. N1d2 f6 14. d4 h5 15. a4 Nh6 16. a5 bxa5 17. Nb3 c4 18. Nxa5 Ng4 19. b3 fxe5 20. Nxc6 Qxc6 21. Nxe5 Nxe5 22. Bxe5 Bf6 23. Bg3 Rhe8 24. Ra5 Qb6 25. Rc5+ Bc6 26. b4 Be7 27. Bxh5 Bxc5 28. Bxe8 Rxe8 29. bxc5 Qb3 30. Kd2 Re7 31. Rb1 Qxc2+ 32. Kxc2 Ba4+ 33. Kc1 Rb7 34. Ra1 Bb5 35. Be5 g6 36. g3 Rf7 37. f4 Kb7 38. Ra5 a6 39. Kd2 Ka7 40. g4 Rb7 41. Kc2 Be8 42. Ra1 Rh7 43. Bf6 Rf7 44. Bg5 Rb7 45. Bd8 Rf7 46. Rf1 Kb7 47. Kd2 Kc8 48. Bb6 Rh7 49. Rh1 Kd7 50. Ke3 Kc6 51. Kf3 Rh8 52. Kg3 Bf7 53. Re1 Ra8 54. Ra1 Kd7 55. f5 exf5 56. gxf5 gxf5 57. Kf4 Rh8 58. Rxa6 Rxh4+ 59. Kxf5 Be6+ 60. Kg5 Rg4+ 61. Kh5 Rg2 62. Ra7+ Kc6 63. Ba5 Bf5 64. Rc7+ Kb5 65. Bb4 Rg6 66. Ra7 Ra6 67. Re7 Re6 68. Rb7+ Kc6 69. Ra7 Be4 70. Kg5 Re8 71. Ra6+ Kb7 72. Rb6+ Kc7 73. Rf6 Rg8+ 74. Kf4 Rg6 75. Ba5+ Kc8 76. Rf7 Kb8 77. Ke5 Bg2 78. Bd8 Rc6 79. Be7 Kc8 80. Bd6 Ra6 81. Ke6 Rc6 82. Rf2 Be4 83. Rb2 Kd8 84. Rb7 Bf3 85. Rf7 Bg4+ 86. Kxd5 Ra6 87. Rf8+ Kd7 88. c6+ Rxc6 89. Rf7+ Ke8 90. Re7+ Kd8 91. Kxc6 Bf3+ 1-0

[Event "NED-chT 1516"]
[Site "Netherlands"]
[Date "2015.10.10"]
[Round "2.6"]
[White "Verlinde, Tieme"]
[Black "Hovhannisyan, Mher"]
[Result "1/2-1/2"]
[WhiteElo "2294"]
[BlackElo "2502"]
[PlyCount "129"]
[EventDate "2015.09.26"]
[EventType "team-tourn"]
[EventRounds "9"]
[EventCountry "NED"]
[SourceTitle "CBM 168 Extra"]
[Source "ChessBase"]
[SourceDate "2015.10.29"]
[SourceVersion "1"]
[SourceVersionDate "2015.10.29"]
[SourceQuality "1"]
[WhiteTeam "Sas van Gent"]
[BlackTeam "Charlois Europoort"]
[WhiteTeamCountry "NED"]
[BlackTeamCountry "NED"]

1. e4 e6 2. d3 d5 3. Nd2 Nf6 4. Ngf3 b6 5. c3 c5 6. Qa4+ Qd7 7. Qc2 Ba6 8. Ne5 Qc7 9. f4 Be7 10. Be2 0-0 11. 0-0 dxe4 12. Nxe4 Nbd7 13. Bf3 Nxe4 14. Bxe4 Bb7 15. Nxd7 Qxd7 16. Be3 g6 17. Rad1 Rfd8 18. d4 Bxe4 19. Qxe4 c4 20. Rd2 Qd5 21. Qe5 b5 22. a3 a5 23. g4 f6 24. Qxd5 exd5 25. f5 g5 26. Re2 Kf7 27. Rfe1 Rd7 28. h4 gxh4 29. Rh2 h5 30. Rxh4 hxg4 31. Rxg4 Rh8 32. Bf4 b4 33. axb4 axb4 34. Ra1 bxc3 35. bxc3 Rh5 36. Ra6 Rb7 37. Ra8 Rb1+ 38. Kg2 Rb2+ 39. Kg1 Rb1+ 40. Kg2 Rhh1 41. Ra7 Rbg1+ 42. Kf3 Rf1+ 43. Ke2 Re1+ 44. Kf3 Rh5 45. Kf2 Re4 46. Kg3 Rh1 47. Kg2 Rh5 48. Kg3 Rxf5 49. Rh4 Ke6 50. Ra6+ Kd7 51. Rb6 Rfxf4 52. Rxf4 Bd6 53. Rxd6+ Kxd6 54. Rxf6+ Kc7 55. Kf3 Re1 56. Kf4 Re4+ 57. Kf3 Kd7 58. Rh6 Ke7 59. Rh5 Kd6 60. Rh6+ Kc7 61. Rg6 Rh4 62. Kg3 Rh1 63. Kf4 Re1 64. Rh6 Re4+ 65. Kf3 1/2-1/2

[Event "BEL-chT 1415"]
[Site "Belgium"]
[Date "2014.11.02"]
[Round "3.7"]
[White "Lenaerts, Lennert"]
[Black "Verlinde, Tieme"]
[Result "0-1"]
[WhiteElo "2329"]
[BlackElo "2268"]
[PlyCount "52"]
[EventDate "2014.09.28"]
[EventType "team-swiss"]
[EventRounds "11"]
[EventCountry "BEL"]
[SourceTitle "EXT 2015"]
[Source "ChessBase"]
[SourceDate "2014.11.20"]
[SourceVersion "1"]
[SourceVersionDate "2014.11.20"]
[SourceQuality "1"]
[WhiteTeam "Liege Crelel"]
[BlackTeam "KBSK Brugge"]
[WhiteTeamCountry "BEL"]
[BlackTeamCountry "BEL"]

1. d4 Nf6 2. c4 g6 3. Nc3 Bg7 4. e4 d6 5. f3 0-0 6. Be3 c5 7. Nge2 Qa5 8. Nc1 cxd4 9. Nb3 Qh5 10. Nxd4 Nc6 11. Be2 Qh4+ 12. Bf2 Qg5 13. Nxc6 bxc6 14. 0-0 Nh5 15. Kh1 Nf4 16. Rg1 Be5 17. Bf1 Rb8 18. Qc2 Ne6 19. g3 Nd4 20. Qd3 Rxb2 21. f4 Qh5 22. Rg2 Bh3 23. fxe5 Nf3 24. Be2 Bxg2+ 25. Kxg2 Qxh2+ 26. Kxf3 f5 0-1

[Event "BEL-chT 1314"]
[Site "Belgium"]
[Date "2014.02.23"]
[Round "10.7"]
[White "Verlinde, Tieme"]
[Black "Hautot, Stephane"]
[Result "1/2-1/2"]
[WhiteElo "2243"]
[BlackElo "2377"]
[PlyCount "56"]
[EventDate "2013.09.22"]
[EventType "team-tourn"]
[EventRounds "11"]
[EventCountry "BEL"]
[SourceTitle "EXT 2015"]
[Source "ChessBase"]
[SourceDate "2014.11.20"]
[SourceVersion "1"]
[SourceVersionDate "2014.11.20"]
[SourceQuality "1"]
[WhiteTeam "KBSK Brugge"]
[BlackTeam "Wirtzfeld"]
[WhiteTeamCountry "BEL"]
[BlackTeamCountry "BEL"]

1. e4 d5 2. exd5 Qxd5 3. Nc3 Qd6 4. d4 Nf6 5. Bc4 c6 6. Nf3 Be6 7. Qd3 Bxc4 8. Qxc4 Nbd7 9. 0-0 e6 10. Bg5 Be7 11. Rfe1 h6 12. Bh4 0-0 13. a3 Qf4 14. Qd3 Rfe8 15. Bg3 Qg4 16. h3 Qh5 17. Ne2 Rad8 18. Nf4 Qf5 19. Qb3 Qb5 20. Qxb5 cxb5 21. Nd3 Rc8 22. Re2 Nb6 23. Nfe5 Red8 24. c3 Nfd5 25. Nf4 Nc4 26. Nxd5 Rxd5 27. f4 Bf8 28. Bf2 Nb6 1/2-1/2

[Event "BEL-chT 1314"]
[Site "Belgium"]
[Date "2013.12.15"]
[Round "6.6"]
[White "Huesmann, Thomas"]
[Black "Verlinde, Tieme"]
[Result "1-0"]
[WhiteElo "2232"]
[BlackElo "2243"]
[PlyCount "55"]
[EventDate "2013.09.22"]
[EventType "team-tourn"]
[EventRounds "11"]
[EventCountry "BEL"]
[SourceTitle "EXT 2015"]
[Source "ChessBase"]
[SourceDate "2014.11.20"]
[SourceVersion "1"]
[SourceVersionDate "2014.11.20"]
[SourceQuality "1"]
[WhiteTeam "KSK Rochade"]
[BlackTeam "KBSK Brugge"]
[WhiteTeamCountry "BEL"]
[BlackTeamCountry "BEL"]

1. e4 c5 2. c3 d5 3. exd5 Qxd5 4. d4 Nf6 5. Nf3 Bg4 6. Be2 e6 7. h3 Bh5 8. 0-0 Nc6 9. Na3 cxd4 10. Nb5 Rc8 11. Nbxd4 Bc5 12. Nxc6 Qxc6 13. Ne5 Bxe2 14. Qxe2 Qc7 15. Bf4 Nd5 16. Qb5+ Ke7 17. Ng6+ hxg6 18. Bxc7 Rxc7 19. Rad1 Rh5 20. Qd3 Rd7 21. c4 Nb6 22. Qc3 a5 23. Rxd7+ Nxd7 24. g4 Re5 25. Rd1 Re4 26. Qxa5 Bd4 27. Qb4+ Kf6 28. Qd6 1-0

[Event "BEL-chT 1112"]
[Site "Belgium"]
[Date "2011.12.04"]
[Round "5.8"]
[White "Godart, Francois"]
[Black "Verlinde, Tieme"]
[Result "1-0"]
[WhiteElo "2266"]
[BlackElo "2222"]
[PlyCount "111"]
[EventDate "2011.10.09"]
[EventType "team-tourn"]
[EventRounds "11"]
[EventCountry "BEL"]
[SourceTitle "EXT 2013"]
[Source "ChessBase"]
[SourceDate "2012.11.22"]
[SourceVersion "1"]
[SourceVersionDate "2012.11.22"]
[SourceQuality "1"]
[WhiteTeam "Charleroi CREC"]
[BlackTeam "Bruges"]
[WhiteTeamCountry "BEL"]
[BlackTeamCountry "BEL"]

1. d4 Nf6 2. c4 g6 3. Nc3 Bg7 4. e4 d6 5. f4 c5 6. d5 e6 7. Nf3 exd5 8. cxd5 Bg4 9. Be2 0-0 10. e5 dxe5 11. fxe5 Nfd7 12. e6 fxe6 13. 0-0 Bxf3 14. Bxf3 Ne5 15. Be4 Rxf1+ 16. Qxf1 Ng4 17. g3 Nd7 18. dxe6 Bd4+ 19. Kg2 Ndf6 20. Bf3 Qd6 21. h3 Ne5 22. Bxb7 Rf8 23. Qa6 Ne8 24. Bf4 Qxa6 25. Bxa6 Nc7 26. Bxe5 Bxe5 27. Bc4 Kg7 28. Re1 Bd4 29. Nb5 Rf2+ 30. Kh1 Ne8 31. Bd5 Kf6 32. Bc6 Ng7 33. e7 Be5 34. e8Q Nxe8 35. Bxe8 Bxg3 36. Rb1 Kf5 37. Nxa7 Rh2+ 38. Kg1 Re2 39. Bb5 Rd2 40. a4 Kf4 41. Rf1+ Ke3 42. b3 Bf2+ 43. Kg2 Bh4+ 44. Kh1 Bf2 45. Nc6 Kf3 46. Ne5+ Kg3 47. a5 Kxh3 48. Nd3 Bd4 49. Nf4+ Kg4 50. Ne2 Kh3 51. a6 Ra2 52. Rf3+ Kg4 53. Rf4+ Kg5 54. Rf7 h5 55. a7 c4 56. Nxd4 1-0

[Event "BEL-chT 1112"]
[Site "Belgium"]
[Date "2011.11.06"]
[Round "3.8"]
[White "Verlinde, Tieme"]
[Black "Huesmann, Thomas"]
[Result "1-0"]
[WhiteElo "2222"]
[BlackElo "2223"]
[PlyCount "80"]
[EventDate "2011.10.09"]
[EventType "team-tourn"]
[EventRounds "11"]
[EventCountry "BEL"]
[SourceTitle "EXT 2012"]
[Source "ChessBase"]
[SourceDate "2011.11.24"]
[SourceVersion "1"]
[SourceVersionDate "2011.11.24"]
[SourceQuality "1"]
[WhiteTeam "Bruges"]
[BlackTeam "Eupen Rochade"]
[WhiteTeamCountry "BEL"]
[BlackTeamCountry "BEL"]

1. e4 e5 2. Nf3 Nc6 3. Bc4 Nf6 4. Ng5 d5 5. exd5 Na5 6. Bb5+ c6 7. dxc6 bxc6 8. Qf3 Rb8 9. Ba4 Be7 10. 0-0 0-0 11. d3 Bg4 12. Qg3 Rb4 13. Nc3 Nh5 14. Qe3 Nf4 15. Nf3 Nd5 16. Nxd5 Qxd5 17. c4 Qe6 18. b3 e4 19. Nd4 Qe5 20. Bd2 Bd6 21. g3 f5 22. Bxb4 Bxb4 23. Nc2 Bd6 24. b4 Nb7 25. Bxc6 Nd8 26. Bd5+ Kh8 27. a3 Qe8 28. f4 exd3 29. Rfe1 Be2 30. Qxe8 Rxe8 31. Nd4 g5 32. Rad1 gxf4 33. Rxd3 Bh5 34. Rxe8+ Bxe8 35. gxf4 Bxf4 36. Rf3 Be5 37. Nxf5 Bh5 38. Re3 Bf6 39. Kg2 Bg6 40. Nd6 Bg5 1-0

[Event "Condom op-A 10th"]
[Site "Condom"]
[Date "2011.07.15"]
[Round "8"]
[White "Verlinde, Tieme"]
[Black "Colin, Vincent"]
[Result "0-1"]
[WhiteElo "2207"]
[BlackElo "2410"]
[PlyCount "138"]
[EventDate "2011.07.09"]
[EventType "swiss"]
[EventRounds "9"]
[EventCountry "FRA"]
[SourceTitle "CBM 143 Extra"]
[Source "ChessBase"]
[SourceDate "2011.08.29"]
[SourceVersion "1"]
[SourceVersionDate "2011.08.29"]
[SourceQuality "1"]

1. e4 e5 2. Nf3 Nc6 3. Bc4 Nf6 4. Ng5 d5 5. exd5 Nd4 6. c3 b5 7. Bf1 Nxd5 8. cxd4 Qxg5 9. Bxb5+ Kd8 10. Qf3 e4 11. Qg3 Qxg3 12. hxg3 Nb4 13. Na3 Rb8 14. Bc4 Nd3+ 15. Bxd3 exd3 16. b3 Rb6 17. Nc4 Re6+ 18. Ne3 Bb7 19. Kf1 Bb4 20. a3 Ra6 21. Rh5 Kc8 22. Rb5 Be7 23. Bb2 h5 24. Nf5 Bf6 25. Re1 Re6 26. f3 Rxe1+ 27. Kxe1 g6 28. Ne3 h4 29. gxh4 Bxh4+ 30. Kf1 Bg3 31. Kg1 Re8 32. Bc3 f5 33. Bb4 Bd6 34. Kf2 f4 35. Nf1 Bxb4 36. Rxb4 g5 37. Rb5 g4 38. d5 g3+ 39. Kg1 Rf8 40. Rb4 Bxd5 41. Rd4 Bxb3 42. Rxd3 Bd1 43. Rd4 Re8 44. Rxf4 Re1 45. Rg4 Be2 46. Rxg3 Rxf1+ 47. Kh2 Rd1 48. f4 Rxd2 49. f5 Rd5 50. Rg8+ Kd7 51. g4 Bxg4 52. Rxg4 Rxf5 53. Kg3 Kc6 54. Rb4 a5 55. Rc4+ Kb6 56. Kg4 Rf8 57. Rc3 c5 58. Rb3+ Kc6 59. a4 c4 60. Rb5 Kd6 61. Rxa5 c3 62. Rh5 c2 63. Rh1 Kd5 64. Rc1 Rc8 65. a5 Ke4 66. a6 Rg8+ 67. Kh5 Kd3 68. a7 Kd2 69. Rg1 Rh8+ 0-1

[Event "NED-chT 0910"]
[Site "Netherlands"]
[Date "2010.02.13"]
[Round "5.9"]
[White "Verlinde, Tieme"]
[Black "De Vreugt, Dennis"]
[Result "1-0"]
[WhiteElo "2184"]
[BlackElo "2430"]
[PlyCount "69"]
[EventDate "2009.09.26"]
[EventType "team"]
[EventRounds "9"]
[EventCountry "NED"]
[SourceTitle "EXT 2011"]
[Source "ChessBase"]
[SourceDate "2010.11.26"]
[SourceVersion "1"]
[SourceVersionDate "2010.11.26"]
[SourceQuality "1"]
[WhiteTeam "Sas van Gent"]
[BlackTeam "Hilversum HSG"]
[WhiteTeamCountry "NED"]
[BlackTeamCountry "NED"]

1. e4 e5 2. Nf3 Nc6 3. Bc4 Nf6 4. Ng5 d5 5. exd5 Na5 6. Bb5+ c6 7. dxc6 bxc6 8. Qf3 h6 9. Ne4 Nd5 10. Ba4 Be7 11. Nbc3 0-0 12. d3 f5 13. Ng3 Nxc3 14. bxc3 Be6 15. 0-0 f4 16. Ne4 Kh8 17. c4 Qc7 18. Bd2 Nb7 19. Rfe1 Rac8 20. Bc3 Nd8 21. Qh5 Rf5 22. Qg6 Qd7 23. c5 Bf7 24. Qg4 Bh5 25. Qh3 Nf7 26. Bb3 Rf8 27. Bxf7 Bxf7 28. Bxe5 Kg8 29. Qg4 g5 30. d4 Be6 31. Qh5 Kh7 32. Rab1 g4 33. Qxg4 Rxe5 34. Qd1 Rd5 35. Rb4 1-0

[Event "NED-chT 0910"]
[Site "Netherlands"]
[Date "2010.02.06"]
[Round "6.9"]
[White "Koopmans, Cees"]
[Black "Verlinde, Tieme"]
[Result "0-1"]
[WhiteElo "2137"]
[BlackElo "2184"]
[PlyCount "86"]
[EventDate "2009.09.26"]
[EventType "team"]
[EventRounds "9"]
[EventCountry "NED"]
[SourceTitle "EXT 2011"]
[Source "ChessBase"]
[SourceDate "2010.11.26"]
[SourceVersion "1"]
[SourceVersionDate "2010.11.26"]
[SourceQuality "1"]
[WhiteTeam "Nijmegen"]
[BlackTeam "Sas van Gent"]
[WhiteTeamCountry "NED"]
[BlackTeamCountry "NED"]

1. d4 d5 2. Nf3 Nf6 3. c4 dxc4 4. e3 e6 5. Bxc4 c5 6. 0-0 a6 7. a4 Nc6 8. Qe2 cxd4 9. Rd1 d3 10. Rxd3 Qc7 11. Nc3 Bc5 12. h3 0-0 13. e4 Nd7 14. Rd1 b6 15. Be3 Bxe3 16. Qxe3 Nb4 17. Qe2 Bb7 18. Nd4 Nc5 19. Rac1 Rfd8 20. Nb3 h6 21. Nxc5 Qxc5 22. Bb3 Qg5 23. Rxd8+ Rxd8 24. Rd1 Nc6 25. Rxd8+ Qxd8 26. Qe3 Nd4 27. Bc4 Nc6 28. Qd3 Qc7 29. Bb3 Qe7 30. Qe3 Qb4 31. Ne2 Na5 32. Bc2 Qxb2 33. Qd3 Qa1+ 34. Kh2 Qe5+ 35. f4 Qc7 36. e5 g6 37. Nc3 Kg7 38. Qg3 Nc4 39. Be4 Nd2 40. Qd3 Nxe4 41. Nxe4 Qc6 42. Qd8 Qxe4 43. Qf6+ Kg8 0-1

[Event "BEL-chT 0910"]
[Site "Belgium"]
[Date "2009.11.22"]
[Round "4"]
[White "Denivet, Axel"]
[Black "Verlinde, Tieme"]
[Result "0-1"]
[WhiteElo "1942"]
[BlackElo "2184"]
[PlyCount "38"]
[EventDate "2009.09.27"]
[EventType "team-tourn"]
[EventRounds "11"]
[EventCountry "BEL"]
[SourceTitle "EXT 2011"]
[Source "ChessBase"]
[SourceDate "2010.11.26"]
[SourceVersion "1"]
[SourceVersionDate "2010.11.26"]
[SourceQuality "1"]
[WhiteTeam "Charleroi CREC"]
[BlackTeam "KBSK Brugge"]
[WhiteTeamCountry "BEL"]
[BlackTeamCountry "BEL"]

1. e4 c5 2. Nf3 d6 3. d4 cxd4 4. Nxd4 Nf6 5. Nc3 a6 6. Bg5 Nbd7 7. Bc4 Qa5 8. Bd2 Qc5 9. Qe2 Qxd4 10. 0-0-0 Ne5 11. Bb3 Bd7 12. Rhe1 Rc8 13. h3 b5 14. Be3 Qb4 15. a3 Qa5 16. Nd5 Nxd5 17. Rxd5 Be6 18. Bd4 Qxe1+ 19. Qxe1 Nd3+ 0-1

[Event "NED-chT 0910"]
[Site "Netherlands"]
[Date "2009.09.26"]
[Round "1.9"]
[White "Verlinde, Tieme"]
[Black "Van Kerkhof, David"]
[Result "1/2-1/2"]
[WhiteElo "2185"]
[BlackElo "2216"]
[PlyCount "106"]
[EventDate "2009.09.26"]
[EventType "team"]
[EventRounds "9"]
[EventCountry "NED"]
[SourceTitle "EXT 2010"]
[Source "ChessBase"]
[SourceDate "2010.11.25"]
[SourceVersion "1"]
[SourceVersionDate "2010.11.25"]
[SourceQuality "1"]
[WhiteTeam "Sas van Gent"]
[BlackTeam "Calder HMC"]
[WhiteTeamCountry "NED"]
[BlackTeamCountry "NED"]

1. e4 c5 2. Nf3 Nc6 3. d3 g6 4. g3 Bg7 5. Bg2 d6 6. 0-0 e6 7. c3 Nge7 8. Be3 0-0 9. Qd2 b6 10. d4 Ba6 11. Re1 cxd4 12. cxd4 Na5 13. Na3 Rc8 14. Rac1 Qd7 15. b3 Rxc1 16. Rxc1 Rc8 17. h3 Rxc1+ 18. Qxc1 Qc6 19. Qd2 Qc8 20. Bf4 d5 21. e5 Nec6 22. Nc2 Qf8 23. Nh2 h6 24. h4 Kh7 25. Ng4 Nb8 26. Bf1 Bxf1 27. Kxf1 Nac6 28. Kg2 Nd7 29. Qc3 Qa8 30. Kh2 h5 31. Nge3 Bf8 32. Bg5 a5 33. Ng2 Ndb8 34. Qf3 Kg8 35. Nf4 Qa6 36. Kg2 Nd7 37. Nh3 Bg7 38. Bf6 Bxf6 39. exf6 Qc8 40. Nf4 Qd8 41. Qc3 Na7 42. b4 Nxf6 43. bxa5 Ne4 44. Qd3 bxa5 45. Qa6 Nc8 46. Ne1 Ncd6 47. Nf3 Qc8 48. Qxa5 Qc2 49. Nh3 Nf5 50. Ne5 Ne3+ 51. Kh2 Ng4+ 52. Kg2 Ne3+ 53. Kh2 Ng4+ 1/2-1/2

[Event "BEL-ch U20"]
[Site "Houffalize"]
[Date "2009.04.19"]
[Round "9"]
[White "Mastalerz, Xavier"]
[Black "Verlinde, Tieme"]
[Result "1/2-1/2"]
[WhiteElo "1974"]
[BlackElo "2201"]
[PlyCount "33"]
[EventDate "2009.04.13"]
[EventType "swiss"]
[EventRounds "9"]
[EventCountry "BEL"]
[SourceTitle "CBM 130 Extra"]
[Source "ChessBase"]
[SourceDate "2009.07.02"]
[SourceVersion "2"]
[SourceVersionDate "2009.07.15"]
[SourceQuality "1"]

1. e4 c5 2. Nf3 d6 3. d4 cxd4 4. Nxd4 Nf6 5. Nc3 a6 6. Be3 e5 7. Nf3 Be7 8. Bc4 0-0 9. 0-0 Bg4 10. Qe2 Nbd7 11. Rfd1 Rc8 12. Bb3 Qc7 13. Rd2 b5 14. Rad1 Nb6 15. Bg5 Rfd8 16. Bxf6 Bxf6 17. Nd5 1/2-1/2